Responses for show #729 - Thursday, November 5, 1987

Kate Waits game 3.

Contestants

Michael Moreno, an attorney from Providence, Rhode Island

Hallie Greenburg, a registered nurse originally from Boston, Massachusetts

Kate Waits, a law professor from Albany, New York (whose 2-day cash winnings total $27,802)

Jeopardy! Round responses

ANIMALS
HOLIDAYS & OBSERVANCES
HOW TO...
TV COPS
BODIES OF WATER
DIAMONDS
    $100 4
gray whales

Kate
    $100 15
New Year's Day

Kate
    $100 12
how do you start a race

Hallie
    $100 8
sergeant

Kate
    $100 22
Yosemite

Kate
    $100 3
baseball

Hallie
    $200 5
drake

Hallie
    $200 16
saints (All Saints Day)

Michael
    $200 19
get in the Guinness Book of World Records

Hallie
    $200 9
(Kate: What is "Barney Miller?")

Hill Street Blues

KateMichael
    $200 23
Republican

Hallie
    $200 10
"Diamond Jim" Brady

Michael
    $300 6
platypus

Kate
    $300 20
cheat at cards

Hallie
    $300 1
Hunter

Kate
    $300 24
Japan

Kate
    $300 11
"Gentlemen Prefer Blondes"

Kate
    $400 13
downward (underneath, toward the bottom)

Hallie
    $400 28
Memorial Day

Kate
    $400 21
how do you draw the letter E

Kate
    $400 2
high schools

Michael
    $400 25
Mediterranean & Red

Kate
    $400 17
(Hallie: What is "Goldfinger?")

Diamonds Are Forever

HallieMichael
    $500 14
(Kate: What is a king salmon?)

Alaskan king crab

KateHallie
    $500 27
(Michael: What are Flag Day & the first day of summer?)

Flag Day & Father's Day

Michael
Triple Stumper
    $500 29
(Kate: How do you put yourself out if you're on fire?)
[end-of-round signal sounds]

avoid sinking into quicksand

KateHallie
    $500 7
Tom Bosley

Hallie
    $500 26
(Alex: We've got less than a minute to go in the round.)

Rhine & Danube

Michael
    $500 18
Selma Diamond

Kate

Scores at the first commercial break (after clue 15):

Kate Hallie Michael
$500 $1,800 $800

Scores at the end of the Jeopardy! Round:

Kate Hallie Michael
$2,100 $2,600 $1,400

Double Jeopardy! Round responses

1945
(Alex: Good year!)
NEBRASKANS
ART
BUSINESS & INDUSTRY
BIOGRAPHIES
RUBIES
    $200 13
Canada

Hallie
    $200 8
Gerald Ford

Michael
    $200 3
the Titanic

Kate
    $200 22
waterbed

Kate
    $200 20
Benito Mussolini

Michael
    $200 15
Jack Ruby

Kate
    $400 9
Victory in Europe

Kate
    $400 26
Harold Lloyd

Kate
    $400 10
court artist/painter

Kate
    $400 27
fountain pen

Kate
    $400 21
Jackie Gleason

Hallie
    $400 16
woman

Kate
    $600 5
FDR & Harry Truman

Kate
    $600 25
William Jennings Bryan

Kate
    $600 11
sculpture

Triple Stumper
    $600 28
tax evasion

Hallie
    $600 4
(Kate: Who is Louis XIII?)
(Hallie: Who is Louis XVI?)

Louis XIV

KateHallieMichael
    $500 17
"Ruby Tuesday"

Kate
    $800 2
the raising of the flag at Iwo Jima

Hallie
    $800 24
Willa Cather

Kate
    $800 12
Charles Dickens

Michael
    $1,000 29
(Alex: Adidas & New Balance were the others.)
[end-of-round signal sounds]

Reebok, Nike & Converse

Hallie
    $800 6
(Kate: Who is, um...[time]?)
(Michael: Who is Joe Thornton?)

Joe Orton

KateMichael
Triple Stumper
    $800 18
Ruby Dee

Michael
    $1000 1
(Herman) Goering

Michael
    $1000 23
(Alex: And we've got less than a minute to go in the round.)

Dick Cavett

Kate
    $1000 14
(Kate: Who was Picasso?)
(Hallie: Who was Dali?)

Francisco Goya

KateHallie
Triple Stumper
    $1000 7
(Kate: Shame on us!)

Abraham Lincoln

Triple Stumper
    $1000 19
hummingbird

Hallie

Scores at the end of the Double Jeopardy! Round:

Kate Hallie Michael
$5,800 $5,000 $4,200

[wagering suggestions for these scores]

Final Jeopardy! Round responses

CONTEMPORARY MUSIC
MichaelWho is Diana Ross
$4,200
HallieWho is Diana Ross?
$4,000
KateWho is Diana Ross?
$4,201
Diana Ross or Phil Collins

Final scores:

Kate Hallie Michael
$10,001 $9,000 $8,400
3-day champion: $37,803 2nd place: Keller dining room furniture & Villeroy & Boch china 3rd place: Daniel Mink his & hers watches

Game dynamics:

Coryat scores:

Kate Hallie Michael
$5,900 $4,800 $4,200
25 R
(including 1 DD),
6 W
16 R
(including 1 DD),
3 W
12 R,
2 W

Combined Coryat: $14,900

The J! Archive is created by fans, for fans. The Jeopardy! game show and all elements thereof, including but not limited to copyright and trademark thereto, are the property of Jeopardy Productions, Inc. and are protected under law. This website is not affiliated with, sponsored by, or operated by Jeopardy Productions, Inc. Join the discussion at JBoard.tv.